Vainqueurs de la Ligue 1, entraîneurs, capitaines et meilleurs buteurs - Statistiques

Statistiques générales
  • Ce quiz a été pris 1 248 fois
    92 depuis la dernière actualisation
  • Le résultat moyen est 65 sur 76
Statistiques - réponses
Hint Réponse % Correct
Luis Enrique
100%
Luis Enrique
100%
Luis Enrique
100%
2007/08 Olympique Lyonnais
100%
Paris Saint-Germain
100%
Paris Saint-Germain
100%
Paris Saint-Germain
100%
2022/23 Paris Saint-Germain
100%
2021/22 Paris Saint-Germain
100%
2019/20 Paris Saint-Germain
100%
2018/19 Paris Saint-Germain
100%
2017/18 Paris Saint-Germain
100%
2015/16 Paris Saint-Germain
100%
2014/15 Paris Saint-Germain
100%
2013/14 Paris Saint-Germain
100%
2012/13 Paris Saint-Germain
100%
2020/21 Lille OSC
99%
2010/11 Lille OSC
99%
2016/17 AS Monaco
98%
2009/10 Olympique de Marseille
98%
2008/09 Girondins de Bordeaux
96%
Kylian Mbappé
96%
Kylian Mbappé
96%
Kylian Mbappé
96%
Kylian Mbappé
96%
Kylian Mbappé
96%
Marquinhos
96%
Marquinhos
96%
Marquinhos
96%
Marquinhos
96%
Marquinhos
96%
2011/12 Montpellier HSC
95%
Ousmane Dembélé
94%
Zlatan Ibrahimovic
94%
Zlatan Ibrahimovic
94%
Zlatan Ibrahimovic
94%
Zlatan Ibrahimovic
94%
Edinson Cavani
93%
Laurent Blanc
93%
Laurent Blanc
93%
Laurent Blanc
93%
Laurent Blanc
93%
Christophe Galtier
92%
Christophe Galtier
92%
Thomas Tuchel
92%
Thomas Tuchel
92%
Thiago Silva
90%
Thiago Silva
90%
Thiago Silva
90%
Thiago Silva
90%
Thiago Silva
90%
Thiago Silva
90%
Thiago Silva
90%
Olivier Giroud
87%
Unai Emery
86%
Mauricio Pochettino
83%
Radamel Falcao
81%
Radamel Falcao
81%
Carlo Ancelotti
80%
Leonardo Jardim
77%
Didier Deschamps
72%
Karim Benzema
71%
Bradley Barcola
67%
Rudi Garcia
66%
Juninho
61%
Mamadou Niang
60%
Mamadou Niang
60%
Moussa Sow
58%
Burak Yilmaz
57%
Marouane Chamakh / Fernando Cavenaghi
46%
Rio Mavuba
45%
René Girard
43%
José Fonte
42%
Alain Perrin
30%
Ulrich Ramé
28%
Mapou Yanga-Mbiwa
14%
Aucun quiz correspondant
Distribution des résultats
% des personnes avec chaque résultat
Percentile par nombre de réponses
Votre historique - résultats
Vous n’avez pas pris ce quiz depuis la dernière actualisation